000 00806nam a2200193 i 4500
001 124841
003 ES-MaACL
005 20230906192516.0
007 t|
008 070423s1931 sp ||||1| spa d
245 0 0 _aAbastecimiento de aguas en los pueblos de Cáceres
_b: notas divulgadoras, auxilios del Estado, préstamos del Instituto Nacional de Previsión.
260 _aMadrid :
_b[s.n.],
_c1931 (
_fImprenta y Encuadernación de los Sobrinos de la Sucesora de M. Minuesa de los Ríos)
300 _a52 p. :
_bil. ;
_c21 cm.
490 1 _aPublicaciones del Instituto Nacional de Previsión ;
_v268
650 4 _aAgua-
_xAbastecimiento-
_zCáceres.
_9156363
830 0 _aPublicaciones del Instituto Nacional de Previsión ;
_v268
_9181151
852 _aES-MaACL
_jC-12629(6)
999 _c124841
_d124841